000 00715nam a2200289Ia 4500
008 160321s9999||||xx |||||||||||||| ||und||
082 _aXVA/Nataka
082 _bBORI-10412
100 _aMyles Dillion
245 4 _aThe Natakalaksanaratnakosa Of Sagaranandin
260 _aLondan
260 _c1937
300 _aXX+147
300 _bI
300 _cC
300 _eHardbound
530 _bB. P. Bahirat
530 _u00065498.pdf
563 _aReference
600 _aMyles Dillion
630 _aThe Natakalaksanaratnakosa Of Sagaranandin
650 _aKosa
650 _aReference
700 _aMyles Dillion
730 _aThe Natakalaksanaratnakosa Of Sagaranandin
942 _cBOOK
999 _c1356876
_d1356873